000 00419nam a2200181Ia 4500
008 221030s9999 xx 000 0 und d
020 _a8120309332
041 _aEnglish
082 _a105.23
_bTan
100 _aA. M. Tanenbaum
245 0 _aData Structures using Pascal
250 _a2nd
260 _bPHI
_aNew Delhi
_c1996
300 _a774
650 _aBE Computer
700 _aM. J. Augenstein
942 _cBK
999 _c2337
_d2337